[Event "The Viking Invasion"]
[Site "SchemingMind.com"]
[Date "2015.04.15"]
[Round "-"]
[White "GBEDARD"]
[Black "William Lindberg"]
[Result "0-1"]
[WhiteCountry "USA"]
[BlackCountry "USA"]
[WhiteElo "1970"]
[WhiteRD "62"]
[BlackElo "2191"]
[BlackRD "70"]
[GameID "378504"]

1. e4 e5 2. Nf3 Nc6 3. Bb5 Nf6 4. O-O Be7 5. Re1 d6 6. d4 exd4 7. Nxd4 Bd7 8. Bxc6 bxc6 9. c4 O-O 10. Nc3 Re8
11. b3 Qc8 12. Qc2 Nh5 13. Be3 Nf6 14. f3 Qa6 15. Qd2 h6 16. Rad1 Rad8 17. Nf5 Bxf5 18. exf5 d5 19. cxd5 Bb4 20. Bd4 Nxd5
21. Qc2 Rxe1+ 22. Rxe1 Bxc3 23. Bxc3 Qb6+ 24. Kh1 Qc5 25. Rc1 Qxc3
0-1

[Event "The Viking Invasion"]
[Site "SchemingMind.com"]
[Date "2015.04.14"]
[Round "-"]
[White "William Lindberg"]
[Black "GBEDARD"]
[Result "1-0"]
[WhiteCountry "USA"]
[BlackCountry "USA"]
[WhiteElo "2236"]
[WhiteRD "67"]
[BlackElo "2004"]
[BlackRD "63"]
[GameID "378505"]

1. c4 Nf6 2. Nf3 e6 3. d4 c5 4. d5 exd5 5. cxd5 d6 6. e4 g6 7. Bd3 Bg7 8. O-O O-O 9. Qc2 Bg4 10. Nfd2 Nh5
11. Nb3 Qh4 12. Nc3 Bd7 13. Be3 Be5 14. g3 Qh3 15. Na5 b6 16. Nc4 Na6 17. Nxe5 Nb4 18. Qd2 dxe5 19. Be2 a5 20. Rfd1 f5
21. Bf1 Qg4 22. h3 Qxd1 23. Qxd1 f4 24. gxf4 exf4 25. Bd2 Kh8 26. a3 Na6 27. Qb3 Rfb8 28. d6 g5 29. Qf7 Rd8 30. Qxh5 Bc6
31. Nd5 Ra7 32. Bc3+ Kg8 33. Qxg5+ Kf8 34. Qh6+ Kg8 35. Nf6+
1-0

[Event "The Viking Invasion"]
[Site "SchemingMind.com"]
[Date "2015.05.02"]
[Round "-"]
[White "rookie31"]
[Black "GBEDARD"]
[Result "1-0"]
[WhiteCountry "IND"]
[BlackCountry "USA"]
[WhiteElo "2167"]
[WhiteRD "68"]
[BlackElo "2004"]
[BlackRD "63"]
[GameID "379082"]

1. Nf3 Nf6 2. d4 e6 3. c4 c5 4. d5 exd5 5. cxd5 d6 6. Nc3 g6 7. g3 Bg7 8. Bg2 O-O 9. O-O Re8 10. Re1 a6
11. e4 Bg4 12. Bf4 b5 13. h3 b4 14. Na4 Bd7 15. e5 Qa5 16. exf6 Bxf6 17. b3 Rxe1+ 18. Qxe1 Bxa4 19. bxa4 Bxa1 20. Qe8+ Kg7
21. Ng5 Qc7 22. Nxf7 Qxf7 23. Bh6+ Kf6 24. Qd8+
1-0

[Event "The Viking Invasion"]
[Site "SchemingMind.com"]
[Date "2015.05.02"]
[Round "-"]
[White "GBEDARD"]
[Black "rookie31"]
[Result "0-1"]
[WhiteCountry "USA"]
[BlackCountry "IND"]
[WhiteElo "2004"]
[WhiteRD "63"]
[BlackElo "2167"]
[BlackRD "68"]
[GameID "379083"]

1. e4 e5 2. Nf3 Nc6 3. Bb5 Nf6 4. O-O Bc5 5. Nxe5 Nxe5 6. d4 a6 7. Be2 Bxd4 8. Qxd4 d6 9. Bf4 O-O 10. Nc3 Nc6
11. Qe3 Qe7 12. Bg5 h6 13. Bh4 Re8 14. f4 Bf5 15. Bd3 Bh7 16. Bxf6 Qxf6 17. Nd5 Qd8 18. Rae1 Ne7 19. c4 Nxd5 20. cxd5 f5
21. Qd4 fxe4 22. Bxe4 Bxe4 23. Rxe4 Rxe4 24. Qxe4 Qe8 25. Qe6+ Qxe6 26. dxe6 Kf8 27. Rc1 c6 28. f5 Ke7 29. g4 h5 30. h3 hxg4
31. hxg4 Kf6 32. Re1 Kg5 33. Kf2 Kxg4 34. Rg1+ Kxf5 35. Rxg7 Rb8 36. e7 Re8 37. Ke2 Kf6 38. Rg3 Rxe7+ 39. Kd2 Rh7 40. Rd3 d5
41. Kc2 Rh2+ 42. Kb3 Ke5 43. Rg3 c5 44. Rg6 c4+ 45. Kc3 b5 46. Rg5+ Ke4 47. Rg4+ Kf5 48. Rg1 a5 49. a3 b4+ 50. axb4 axb4+
51. Kxb4 Rxb2+ 52. Kc5 Rd2 53. Kb4 Rd3 54. Rc1 c3 55. Rh1 d4
0-1

[Event "The Viking Invasion"]
[Site "SchemingMind.com"]
[Date "2015.05.02"]
[Round "-"]
[White "rookie31"]
[Black "William Lindberg"]
[Result "1-0"]
[WhiteCountry "IND"]
[BlackCountry "USA"]
[WhiteElo "2213"]
[WhiteRD "69"]
[BlackElo "2250"]
[BlackRD "66"]
[GameID "379084"]

1. Nf3 d5 2. d4 Nf6 3. c4 e6 4. Nc3 Be7 5. cxd5 exd5 6. Bg5 O-O 7. e3 h6 8. Bxf6 Bxf6 9. Qb3 c6 10. Bd3 Na6
11. O-O Qb6 12. Qxb6 axb6 13. a3 Nc7 14. h3 Re8 15. Rfe1 g6 16. g4 Kg7 17. Kg2 b5 18. Rg1 Be7 19. a4 b4 20. Ne2 Bd6
21. b3 Ne6 22. Rgd1 Bd7 23. Rac1 Nc7 24. Nf4 Ra5 25. Rd2 Ne6 26. Ne5 Bxe5 27. dxe5 Rc5 28. Nxe6+ Rxe6 29. Rxc5 Rxe5 30. Ra5 Be6
31. Ra7 h5 32. Rxb7 hxg4 33. hxg4 d4 34. exd4 Bd5+ 35. Kg3 Re1 36. Rxb4 g5 37. f3 Kf6 38. a5 Re3 39. a6 Re7 40. Rb7 Re1
41. Ra2 Re8 42. Be4 Ke6 43. a7 Bxe4 44. fxe4
1-0

[Event "The Viking Invasion"]
[Site "SchemingMind.com"]
[Date "2015.05.02"]
[Round "-"]
[White "William Lindberg"]
[Black "rookie31"]
[Result "1-0"]
[WhiteCountry "USA"]
[BlackCountry "IND"]
[WhiteElo "2236"]
[WhiteRD "67"]
[BlackElo "2167"]
[BlackRD "68"]
[GameID "379085"]

1. e4 e5 2. Nf3 Nc6 3. Bb5 Nf6 4. O-O Bc5 5. Nxe5 Nxe5 6. d4 Bxd4 7. Qxd4 Nc6 8. Bxc6 dxc6 9. Qxd8+ Kxd8 10. Nc3 Ke7
11. Bf4 Ne8 12. Rad1 Nd6 13. e5 Nc4 14. Rd4 Be6 15. b3 Na3 16. Bg5+ f6 17. exf6+ gxf6 18. Bh4 Rhg8 19. Rf4 Rg6 20. Ne4 Rf8
21. Nc5 Bc8 22. c4 Kf7 23. Ne4 Kg7 24. Ng3 Kf7 25. Nh5 f5 26. Ng3 Ke8 27. Rd1 Rd6 28. Re1+ Re6 29. Rc1 Rd6 30. Rf3 Be6
31. Nh5 Kd7 32. Bg5 c5 33. h4 Rf7 34. Bf4 Rd4 35. Be5
1-0

[Event "The Viking Invasion"]
[Site "SchemingMind.com"]
[Date "2015.05.02"]
[Round "-"]
[White "Abstract Actuary"]
[Black "rookie31"]
[Result "0-1"]
[WhiteCountry "USA"]
[BlackCountry "IND"]
[WhiteElo "1889"]
[WhiteRD "68"]
[BlackElo "2167"]
[BlackRD "68"]
[GameID "379126"]

1. e4 e5 2. Nf3 Nc6 3. Bb5 Nf6 4. O-O Bc5 5. c3 O-O 6. d4 Bb6 7. Bg5 h6 8. Bh4 exd4 9. e5 g5 10. Bxc6 dxc6
11. Nxg5 dxc3 12. Qxd8 Rxd8 13. Nxc3 Nd5 14. Nge4 Nxc3 15. bxc3 Rd3 16. Rfd1 Rxd1+ 17. Rxd1 Bf5 18. Nf6+ Kh8 19. h3 Ba5 20. g4 Be6
21. Rc1 Rd8 22. a3 Rd3 23. Kg2 Bxc3 24. f4 c5 25. Bf2 b6 26. f5 Bc8 27. Bg3 Bb7+ 28. Kh2 Rd2+ 29. Kg1 Rg2+ 30. Kf1 Rxg3
31. Nd7 Rxh3 32. e6 fxe6 33. fxe6 Rh1+ 34. Kf2 Rxc1 35. e7 Re1
0-1

[Event "The Viking Invasion"]
[Site "SchemingMind.com"]
[Date "2015.05.03"]
[Round "-"]
[White "rookie31"]
[Black "Abstract Actuary"]
[Result "1-0"]
[WhiteCountry "IND"]
[BlackCountry "USA"]
[WhiteElo "2213"]
[WhiteRD "69"]
[BlackElo "1873"]
[BlackRD "71"]
[GameID "379127"]

1. d4 Nf6 2. c4 e6 3. Nc3 Bb4 4. Qc2 c5 5. e3 Nc6 6. Nf3 d5 7. a3 Bxc3+ 8. bxc3 O-O 9. Be2 Qc7 10. O-O dxc4
11. Bxc4 cxd4 12. cxd4 Na5 13. Bd3 Qxc2 14. Bxc2 b6 15. Bd2 Nc4 16. Bb4 Rd8 17. Bd3 Nd6 18. Ne5 Bb7 19. a4 Rac8 20. a5 Nfe4
21. axb6 axb6 22. Rfc1 f6 23. Nc4 Nxc4 24. Bxc4 Bd5 25. Bd3 Ra8 26. Rxa8 Rxa8 27. f3 Ng5 28. h4 Nf7 29. e4 Bb3 30. Kf2 Nd8
31. Ke3 Ba4 32. d5 exd5 33. exd5 Nf7 34. Bf5 Rd8 35. Be7 Re8 36. Rc7 Nd6 37. Be6+ Nf7 38. Ba3
1-0

[Event "The Viking Invasion"]
[Site "SchemingMind.com"]
[Date "2015.04.29"]
[Round "-"]
[White "Abstract Actuary"]
[Black "GBEDARD"]
[Result "0-1"]
[WhiteCountry "USA"]
[BlackCountry "USA"]
[WhiteElo "1889"]
[WhiteRD "68"]
[BlackElo "2004"]
[BlackRD "63"]
[GameID "379128"]

1. e4 c5 2. d4 e6 3. Nf3 cxd4 4. Nxd4 a6 5. Bc4 Qc7 6. Qe2 b5 7. Bb3 Bc5 8. Be3 Nf6 9. Nd2 O-O 10. O-O Bb7
11. f3 Bd6 12. g3 Nc6 13. Rad1 Na5 14. c3 Nxb3 15. N2xb3 Be5 16. Nc2 Bd6 17. Bg5 Be7 18. Kh1 h6 19. Bf4 e5 20. Be3 d5
21. exd5 Bxd5 22. Rd2 Bc5 23. Nxc5 Bc4 24. Qf2 Bxf1 25. Qxf1 Rfd8 26. Rxd8+ Qxd8 27. Nb4 Qd6 28. Qd3 Qxd3 29. Nbxd3 Nd5 30. Bd2 f6
31. Kg2 g5 32. Kf2 Kf7 33. f4 exf4 34. gxf4 Ne7 35. fxg5 hxg5 36. a4 Kg6 37. Nxa6 Rxa6 38. axb5 Ra8 39. c4 Rd8 40. Ke2 Rh8
41. c5 Rxh2+ 42. Kd1 f5 43. c6 Nd5 44. Ne5+ Kg7 45. Nd7 g4 46. Ke1 g3 47. Bc3+ Nxc3 48. bxc3 Rh1+ 49. Kd2 g2 50. c7 g1=Q
51. c8=Q Qd1+ 52. Ke3 Re1+ 53. Kf4 Qg4#
0-1

[Event "The Viking Invasion"]
[Site "SchemingMind.com"]
[Date "2015.04.29"]
[Round "-"]
[White "GBEDARD"]
[Black "Abstract Actuary"]
[Result "1-0"]
[WhiteCountry "USA"]
[BlackCountry "USA"]
[WhiteElo "2004"]
[WhiteRD "63"]
[BlackElo "1889"]
[BlackRD "68"]
[GameID "379129"]

1. e4 e5 2. Nf3 Nf6 3. d4 Nxe4 4. Bd3 Nc6 5. dxe5 d5 6. exd6 Nxd6 7. Nc3 Bg4 8. Nd5 Nd4 9. O-O Nxf3+ 10. gxf3 Be6
11. Re1 Be7 12. Nf4 Bd7 13. Qe2 c6 14. Qe5 Be6 15. Nxe6 fxe6 16. Qxe6 Qd7 17. Bg5 Nc8 18. Qxd7+ Kxd7 19. Bf5+
1-0

[Event "The Viking Invasion"]
[Site "SchemingMind.com"]
[Date "2015.04.29"]
[Round "-"]
[White "William Lindberg"]
[Black "Abstract Actuary"]
[Result "1-0"]
[WhiteCountry "USA"]
[BlackCountry "USA"]
[WhiteElo "2236"]
[WhiteRD "67"]
[BlackElo "1889"]
[BlackRD "68"]
[GameID "379131"]

1. Nf3 Nf6 2. d4 e6 3. c4 Bb4+ 4. Nc3 c5 5. e3 Nc6 6. Bd3 d5 7. a3 Bxc3+ 8. bxc3 O-O 9. O-O b6 10. cxd5 Qxd5
11. e4 Qh5 12. Re1 cxd4 13. cxd4 Rd8 14. e5 Nd5 15. Qc2 Bb7 16. Re4 f5 17. exf6 Nxf6 18. Rh4 Qf7 19. Ng5 Qe7 20. Bxh7+ Kf8
21. Bf5 Nxd4 22. Rh8+ Ng8 23. Bxe6 Qf6 24. Rxg8+ Ke7 25. Qc7+ Rd7 26. Qxd7#
1-0

[Event "The Viking Invasion"]
[Site "SchemingMind.com"]
[Date "2015.04.29"]
[Round "-"]
[White "Greg Magne"]
[Black "Abstract Actuary"]
[Result "1-0"]
[WhiteCountry "CAN"]
[BlackCountry "USA"]
[WhiteElo "1843"]
[WhiteRD "69"]
[BlackElo "1889"]
[BlackRD "68"]
[GameID "379197"]

1. e4 e5 2. Nf3 Nf6 3. Nxe5 d6 4. Nf3 Nxe4 5. d4 d5 6. Bd3 Bd6 7. O-O O-O 8. c4 c6 9. Nc3 Nxc3 10. bxc3 dxc4
11. Bxc4 Bg4 12. h3 Bh5 13. Qd3 Bg6 14. Qe3 Re8 15. Qg5 Qxg5 16. Bxg5 Nd7 17. Rfe1 a5 18. Re3 Rxe3 19. Bxe3 b5 20. Be2 Ba3
21. c4 bxc4 22. Bxc4 Be4 23. Ne5 Nxe5 24. dxe5 Bb2 25. Rd1 Bxe5 26. g3 h6 27. Rd7 Bg6 28. f4 Bc3 29. f5 Bxf5 30. Rxf7 Kh8
31. Rxf5 Re8 32. Bc5 Re1+ 33. Kg2 Rc1 34. Bd3 Bf6 35. Bb6 a4 36. Ra5 Kg8 37. Bg6 Be7 38. Rxa4 Rc3 39. Ra8+ Bf8 40. Bc7
1-0

[Event "The Viking Invasion"]
[Site "SchemingMind.com"]
[Date "2015.04.29"]
[Round "-"]
[White "Abstract Actuary"]
[Black "Greg Magne"]
[Result "1-0"]
[WhiteCountry "USA"]
[BlackCountry "CAN"]
[WhiteElo "1889"]
[WhiteRD "68"]
[BlackElo "1843"]
[BlackRD "69"]
[GameID "379198"]

1. e4 Nf6 2. e5 Nd5 3. d4 d6 4. Nf3 Bg4 5. Be2 Nc6 6. O-O g6 7. e6 Bxe6 8. c4 Bg7 9. cxd5 Bxd5 10. Nc3 Bxf3
11. Bxf3 Nxd4 12. Bxb7 Rb8 13. Ba6 O-O 14. Rb1 c5 15. Be3 Rb6 16. Bc4 e6 17. Qd2 d5 18. Be2 Qc7 19. Rfc1 Qd7 20. b3 Nxe2+
21. Nxe2 d4 22. Rxc5 e5 23. Bg5 Qd6 24. Rbc1 Rfb8 25. Rc8+ Bf8 26. Bh6 Rxc8 27. Rxc8 Rb8 28. Bxf8
1-0

[Event "The Viking Invasion"]
[Site "SchemingMind.com"]
[Date "2015.05.02"]
[Round "-"]
[White "Greg Magne"]
[Black "rookie31"]
[Result "0-1"]
[WhiteCountry "CAN"]
[BlackCountry "IND"]
[WhiteElo "1843"]
[WhiteRD "69"]
[BlackElo "2167"]
[BlackRD "68"]
[GameID "379199"]

1. d4 Nf6 2. c4 e6 3. Nc3 d5 4. Nf3 c6 5. Bg5 h6 6. Bh4 dxc4 7. e4 g5 8. Bg3 b5 9. e5 Nd5 10. h4 Qa5
11. hxg5 Nxc3 12. bxc3 Qxc3+ 13. Nd2 Na6 14. Rh4 Bb7 15. a4 O-O-O 16. axb5 cxb5 17. Rc1 Qa5 18. f3 Be7 19. Rxh6 Bxg5 20. Rxh8 Rxh8
21. Rc2 Nb4 22. Rc3 Nd5 23. Rc1 Rh1
0-1

[Event "The Viking Invasion"]
[Site "SchemingMind.com"]
[Date "2015.05.02"]
[Round "-"]
[White "rookie31"]
[Black "Greg Magne"]
[Result "1-0"]
[WhiteCountry "IND"]
[BlackCountry "CAN"]
[WhiteElo "2167"]
[WhiteRD "68"]
[BlackElo "1843"]
[BlackRD "69"]
[GameID "379200"]

1. Nf3 d5 2. c4 e6 3. Nc3 Nf6 4. d4 c6 5. e3 Bd6 6. Bd3 dxc4 7. Bxc4 b5 8. Bd3 Bb7 9. e4 b4 10. e5 bxc3
11. bxc3 Be7 12. exf6 Bxf6 13. Rb1 Qc7 14. O-O Nd7 15. Bf4 Qxf4 16. Rxb7 Nb6 17. g3 Qd6 18. Nd2 Nd5 19. Ne4 Qa3 20. Qf3 O-O
21. c4 Qa6 22. Nc5
1-0

[Event "The Viking Invasion"]
[Site "SchemingMind.com"]
[Date "2015.04.30"]
[Round "-"]
[White "Greg Magne"]
[Black "GBEDARD"]
[Result "0-1"]
[WhiteCountry "CAN"]
[BlackCountry "USA"]
[WhiteElo "1843"]
[WhiteRD "69"]
[BlackElo "2004"]
[BlackRD "63"]
[GameID "379201"]

1. d4 Nf6 2. c4 e6 3. Nc3 c5 4. d5 exd5 5. cxd5 d6 6. e4 g6 7. f4 Bg7 8. Nf3 O-O 9. Bd3 Re8 10. O-O c4
11. Bxc4 Nxe4 12. Nxe4 Rxe4 13. Bd3 Re8 14. Qb3 Na6 15. Bxa6 bxa6 16. Bd2 Qb6+ 17. Kh1 Qxb3 18. axb3 Bxb2 19. Rab1 Bf6 20. Ng5 Bf5
21. Ra1 Bxa1 22. Rxa1 Bd3 23. Bc3 Rac8 24. Bb2 Rb8 25. Ra3 Re1#
0-1

[Event "The Viking Invasion"]
[Site "SchemingMind.com"]
[Date "2015.04.29"]
[Round "-"]
[White "GBEDARD"]
[Black "Greg Magne"]
[Result "1-0"]
[WhiteCountry "USA"]
[BlackCountry "CAN"]
[WhiteElo "2004"]
[WhiteRD "63"]
[BlackElo "1843"]
[BlackRD "69"]
[GameID "379202"]

1. e4 e6 2. d4 d5 3. Nc3 Nf6 4. Bg5 Be7 5. e5 Nfd7 6. h4 c5 7. Bxe7 Qxe7 8. Nb5 Na6 9. Nd6+ Kf8 10. c3 b6
11. Nxc8
1-0

[Event "The Viking Invasion"]
[Site "SchemingMind.com"]
[Date "2015.04.30"]
[Round "-"]
[White "Greg Magne"]
[Black "William Lindberg"]
[Result "0-1"]
[WhiteCountry "CAN"]
[BlackCountry "USA"]
[WhiteElo "1843"]
[WhiteRD "69"]
[BlackElo "2236"]
[BlackRD "67"]
[GameID "379203"]

1. e4 e5 2. Nf3 Nc6 3. Bb5 Nf6 4. O-O Be7 5. d4 exd4 6. Nxd4 O-O 7. Nc3 Re8 8. Bf4 Bc5 9. Nb3 Bb6 10. Qf3 Ne5
11. Bxe5 Rxe5 12. Rad1 d6 13. h3 Nxe4 14. Bd3 Ng5 15. Qg3 Nxh3+ 16. gxh3 Rg5 17. Kh2 Rxg3 18. fxg3 c6 19. Rf4 d5 20. Rdf1 Bc7
21. Rxf7 Be6 22. Rxc7 Qxc7 23. Nd4 Qd7 24. h4 Bg4 25. Rf4 g6 26. Nf3 Rf8 27. Ne5 Qe6 28. Rxg4 Qxe5 29. Ne2 Rf2+
0-1

[Event "The Viking Invasion"]
[Site "SchemingMind.com"]
[Date "2015.04.30"]
[Round "-"]
[White "William Lindberg"]
[Black "Greg Magne"]
[Result "1-0"]
[WhiteCountry "USA"]
[BlackCountry "CAN"]
[WhiteElo "2236"]
[WhiteRD "67"]
[BlackElo "1843"]
[BlackRD "69"]
[GameID "379204"]

1. c4 c6 2. Nf3 Nf6 3. Nc3 d5 4. e3 Bg4 5. h3 Bh5 6. Qb3 Qb6 7. g4 Bg6 8. g5 dxc4 9. Qxb6 axb6 10. gxf6 exf6
11. Bxc4 b5 12. Bf1 Nd7 13. d4 Bd6 14. Nh4 O-O 15. Nxg6 fxg6 16. Bd2 Rfe8 17. O-O-O Bf8 18. a3 b4 19. Bc4+ Kh8 20. axb4 Bxb4
21. Kc2 c5 22. Ra1 cxd4 23. exd4 Nb6 24. Bf7 Red8 25. Rxa8 Nxa8 26. Ra1 Nb6 27. Ra7 Rd7 28. Be6 Rc7 29. d5 h6 30. Be3 Nc4
31. Kb3
1-0

[Event "The Viking Invasion"]
[Site "SchemingMind.com"]
[Date "2015.05.04"]
[Round "-"]
[White "Greg Magne"]
[Black "The Stonewall"]
[Result "0-1"]
[WhiteCountry "CAN"]
[BlackCountry "ENG"]
[WhiteElo "1843"]
[WhiteRD "69"]
[BlackElo "2244"]
[BlackRD "82"]
[GameID "379211"]

1. d4 Nf6 2. c4 g6 3. Nc3 Bg7 4. e4 d6 5. Nf3 O-O 6. Be2 e5 7. O-O exd4 8. Nxd4 Re8 9. Bf3 Nbd7 10. Be3 Nc5
11. Qc2 Bg4 12. Bg5 Bxf3 13. Nxf3 h6 14. Bh4 g5 15. Bg3 Ncxe4 16. Nxe4 Nxe4 17. Rad1 f5 18. h4 Qf6 19. hxg5 hxg5 20. Bh2 Qxb2
21. Qxb2 Bxb2 22. Rb1 Bf6 23. Rxb7 g4 24. Ne1 Bd4 25. Nd3 g3 26. Rxc7 Re6 27. Rb1 Rh6 28. Bxg3 Nxg3 29. Rbb7 Rh1#
0-1

[Event "The Viking Invasion"]
[Site "SchemingMind.com"]
[Date "2015.05.04"]
[Round "-"]
[White "The Stonewall"]
[Black "Greg Magne"]
[Result "1-0"]
[WhiteCountry "ENG"]
[BlackCountry "CAN"]
[WhiteElo "2229"]
[WhiteRD "78"]
[BlackElo "1840"]
[BlackRD "70"]
[GameID "379212"]

1. e4 e5 2. Bc4 Nf6 3. d3 c6 4. Nf3 d5 5. Bb3 Bd6 6. exd5 cxd5 7. Bg5 Be6 8. Nc3 d4 9. Ne4 Nc6 10. Bxe6 fxe6
11. Nfd2 Be7 12. Bxf6 gxf6 13. Qh5+ Kd7 14. Qf7 Kc8 15. Qxe6+ Kc7 16. f4 Qd7 17. Qxd7+ Kxd7 18. fxe5 fxe5 19. Nf3 Rhg8 20. Rg1 Raf8
21. Kd2 Ke6 22. Raf1 Nb4 23. c3 dxc3+ 24. bxc3 Nd5 25. Nfg5+ Kd7 26. Rxf8 Bxf8 27. h4 h6 28. Nf7 Ke6 29. Nd8+
1-0

[Event "The Viking Invasion"]
[Site "SchemingMind.com"]
[Date "2015.05.04"]
[Round "-"]
[White "The Stonewall"]
[Black "Abstract Actuary"]
[Result "1-0"]
[WhiteCountry "ENG"]
[BlackCountry "USA"]
[WhiteElo "2229"]
[WhiteRD "78"]
[BlackElo "1873"]
[BlackRD "71"]
[GameID "379213"]

1. d4 Nf6 2. Bg5 e6 3. Nd2 c5 4. e3 cxd4 5. exd4 d5 6. Ngf3 Be7 7. c3 O-O 8. Bd3 h6 9. Bh4 b6 10. Qe2 Bb7
11. O-O Ne8 12. Bxe7 Qxe7 13. Ne5 Nc6 14. f4 Nd6 15. Rae1 Rae8 16. Rf3 Nxe5 17. fxe5 Nc8 18. Ref1 f6 19. exf6 Rxf6 20. Rxf6 gxf6
21. Qh5 Rf8 22. Rf3 Rf7 23. Qxh6 e5 24. Rg3+ Rg7 25. Qh7+
1-0

[Event "The Viking Invasion"]
[Site "SchemingMind.com"]
[Date "2015.05.04"]
[Round "-"]
[White "Abstract Actuary"]
[Black "The Stonewall"]
[Result "0-1"]
[WhiteCountry "USA"]
[BlackCountry "ENG"]
[WhiteElo "1889"]
[WhiteRD "68"]
[BlackElo "2244"]
[BlackRD "82"]
[GameID "379214"]

1. e4 Nf6 2. e5 Nd5 3. d4 Nb6 4. c4 d6 5. exd6 cxd6 6. d5 e6 7. Nc3 Be7 8. Nf3 O-O 9. Bd3 exd5 10. cxd5 Bg4
11. Bxh7+ Kxh7 12. Ng5+ Bxg5 13. Qxg4 Bxc1 14. Rxc1 Re8+ 15. Kd2 N8d7 16. Rce1 Qf6 17. f4 Nc5 18. b4 Nc4+ 19. Kc2 Na3+ 20. Kd2 Qd4+
0-1

[Event "The Viking Invasion"]
[Site "SchemingMind.com"]
[Date "2015.05.04"]
[Round "-"]
[White "The Stonewall"]
[Black "rookie31"]
[Result "1/2-1/2"]
[WhiteCountry "ENG"]
[BlackCountry "IND"]
[WhiteElo "2216"]
[WhiteRD "75"]
[BlackElo "2222"]
[BlackRD "71"]
[GameID "379215"]

1. d4 Nf6 2. c4 e6 3. g3 d5 4. Nf3 c6 5. Bg2 Be7 6. O-O Nbd7 7. Qc2 b6 8. b3 Bb7 9. Nc3 O-O 10. Rd1 Bd6
11. e4 Nxe4 12. Nxe4 dxe4 13. Ng5 Nf6 14. Nxe4 Nxe4 15. Bxe4 f5 16. Bg2 Qe7 17. Re1 Rad8 18. Bd2 f4 19. Qe4 Rde8 20. Re2 Rf6
21. Bf3 Qf7 22. g4 Rg6 23. Rae1 h5 24. h3 hxg4 25. hxg4 Re7 26. Kg2 Bc8 27. Rh1 e5 28. Kf1 Bd7 29. Bc3 exd4 30. Qxd4 Rxe2
31. Bxe2 Qe7 32. Qd3 Rg5 33. Bf3 a6 34. Rh2 Bc7 35. Bb4 Qe6 36. Bc3 Qe7 37. Rh4 Qd6 38. Qe4 Qe6 39. Qh7+ Kf7 40. Qd3 Qd6
41. Qc2 Qe7 42. Rh8 Be5 43. Bxe5 Qxe5 44. Qd2 Ke7 45. c5 bxc5 46. Qa5 Kf7 47. Qd8 Qe7 48. Qg8+ Kg6 49. Be4+ Kf6 50. f3 Qd6
51. Qd8+ Kf7 52. Ke2 Re5 53. Ke1 Ke6 54. Rh2 Qe7 55. Qg8+ Qf7 56. Qa8 Kf6 57. Re2 Qe8 58. Qxa6 Bxg4 59. Qd3 Be6 60. Qd2 g5
61. Qd6 Qe7 62. Qxc6 Kg7 63. Qb7 Qxb7 64. Bxb7 Rxe2+ 65. Kxe2 Kf6 66. Kd2 Ke5 67. Kc3 g4 68. fxg4 Bxg4 69. Kc4 Kd6 70. Kd3 Bf5+
71. Be4 Bxe4+ 72. Kxe4 c4 73. Kxf4 cxb3 74. axb3 Kc5 75. Ke3 Kb4 76. Kd3 Kxb3
1/2-1/2

[Event "The Viking Invasion"]
[Site "SchemingMind.com"]
[Date "2015.05.04"]
[Round "-"]
[White "rookie31"]
[Black "The Stonewall"]
[Result "1-0"]
[WhiteCountry "IND"]
[BlackCountry "ENG"]
[WhiteElo "2213"]
[WhiteRD "69"]
[BlackElo "2229"]
[BlackRD "78"]
[GameID "379216"]

1. Nf3 g6 2. g3 Bg7 3. Bg2 f5 4. d4 Nf6 5. c4 d6 6. Nc3 O-O 7. O-O Qe8 8. Bf4 c6 9. Qb3 Kh8 10. Rae1 Nh5
11. Bc1 Nd7 12. Rd1 f4 13. Rfe1 Qf7 14. g4 Nhf6 15. h3 Nb6 16. d5 cxd5 17. Ng5 Qe8 18. cxd5 Bd7 19. Ne6 Qc8 20. Nxf8
1-0

[Event "The Viking Invasion"]
[Site "SchemingMind.com"]
[Date "2015.05.04"]
[Round "-"]
[White "The Stonewall"]
[Black "GBEDARD"]
[Result "1/2-1/2"]
[WhiteCountry "ENG"]
[BlackCountry "USA"]
[WhiteElo "2216"]
[WhiteRD "75"]
[BlackElo "2054"]
[BlackRD "67"]
[GameID "379217"]

1. d4 Nf6 2. Bg5 e6 3. e4 h6 4. Bxf6 Qxf6 5. c3 d6 6. Bd3 g6 7. Ne2 Bg7 8. O-O O-O 9. f4 c5 10. Na3 cxd4
11. cxd4 Nc6 12. Nc2 Bd7 13. Qd2 Qd8 14. Kh1 Qb6 15. f5 exf5 16. exf5 Bxf5 17. Bxf5 gxf5 18. b3 Rac8 19. Rxf5 Ne7 20. Rf3 Nd5
21. Ng3 Qc7 22. Na3 Rce8 23. Nf5 Re6 24. Raf1 Rg6 25. Qd3 Re8 26. Nb5 Qd7 27. Rg3 Ree6 28. Nxa7 Nf6 29. Nb5 Ne4 30. Rgf3 d5
31. Nc3 Rgf6 32. Rf4 Qc6 33. Nxe4 dxe4 34. Qe3 Qd5 35. R4f2 Qd7 36. a4 Bf8 37. Qg3+ Rg6 38. Qf4 Re8 39. Qe3 Rf6 40. g4 Rg6
41. h3 Qd5 42. Rc1 b5 43. Rb1 Rc6 44. g5 Rg6 45. gxh6 bxa4 46. bxa4 Qe6 47. Rg1 Rb8 48. Rg4 Rb3 49. Qxe4 Rxh3+ 50. Rh2 Qxe4+
51. Rxe4 Rf3 52. h7+ Kh8 53. Ne3 Rfg3 54. Rg2 Rxg2 55. Nxg2 Kxh7 56. Ne3 Ra6 57. d5 Ra5 58. Kg2 Bc5 59. Nd1 Bd6 60. Nc3 Rc5
61. Re3 Kg6 62. Kf3 Kf5 63. Ke2 Be5 64. Rf3+ Kg6 65. Kd2 f5 66. Rd3 Bxc3+ 67. Rxc3 Rxd5+ 68. Rd3 Re5=
1/2-1/2

[Event "The Viking Invasion"]
[Site "SchemingMind.com"]
[Date "2015.05.04"]
[Round "-"]
[White "GBEDARD"]
[Black "The Stonewall"]
[Result "0-1"]
[WhiteCountry "USA"]
[BlackCountry "ENG"]
[WhiteElo "2036"]
[WhiteRD "64"]
[BlackElo "2229"]
[BlackRD "78"]
[GameID "379218"]

1. e4 c6 2. d4 d5 3. e5 Bf5 4. Nf3 e6 5. Be2 c5 6. Be3 cxd4 7. Nxd4 Ne7 8. Nc3 Nbc6 9. Ncb5 Nxe5 10. Nxf5 Nxf5
11. Bxa7 Qa5+ 12. c3 Rxa7 13. Nxa7 Qxa7 14. Bb5+ Nc6 15. O-O Bc5 16. Bd3 Nfe7 17. Qh5 h6 18. a4 O-O 19. b4 Bd6 20. Rfe1 b6
21. g3 Qc7 22. f4 e5 23. b5 e4 24. bxc6 exd3 25. Qd1 Qxc6 26. Qxd3 Bc5+ 27. Kf1 Rc8 28. Qf3 Ra8 29. Kg2 Rxa4 30. Rxa4 Qxa4
31. Kh3 Qc2 32. Re5 Kh7 33. Qh5 f6 34. Qe2 Qxe2 35. Rxe2 Nf5 36. Re1 Ne3 37. g4 f5 38. gxf5 Nxf5 39. Kg2 d4 40. cxd4 Nxd4
41. Re5 Kg6 42. Rd5 Kf6 43. Kf2 Ke6 44. Re5+ Kd6 45. Kg3 b5 46. Kg4 b4 47. Re1 b3 48. Kh5 Nf3 49. Rd1+ Ke7 50. Kg4 Nd4
51. Rb1 Ba3 52. f5 b2 53. Kf4 Ne2+
0-1